000 00355nam a2200145Ia 4500
008 230917s9999||||xx |||||||||||||| ||und||
040 _e144071
_aMAIN
041 _aEnglish
082 _a954.01 G749G
100 _aGoyal, S R
245 0 _aGupta samrajya Ka itihasa
260 _aMeerut
_bKusumanjali prakashan
_c1987
300 _a472 p.
942 _cBK
999 _c232465
_d232465